| 000 | 00504nam a22002177a 4500 | ||
|---|---|---|---|
| 001 | 21533 | ||
| 005 | 20260311114238.0 | ||
| 008 | 260311b |||||||| |||| 00| 0 spa d | ||
| 041 | _aESP | ||
| 082 |
_a624.151 _bD27 |
||
| 100 | _aDas, Braja M. | ||
| 245 | _aFundamentos de ingeniería geotécnica | ||
| 250 | _aCuarta Edicion | ||
| 260 |
_a : _b , |
||
| 300 |
_axix, 636 páginas : _b ; _c21 cm. |
||
| 440 | _a ; | ||
| 650 | _aCNM | ||
| 654 | _aCIA | ||
| 700 | _a; | ||
| 942 |
_cLIB _dJUS _fJUS _2ddc |
||
| 999 |
_c21533 _d21533 |
||